000 00477nam a2200193Ia 4500
003 GCL
008 140319s9999 xx 000 0 eng d
040 _aGCL /
_cGCL
082 0 4 _a787.87
_bD E
100 1 _aDANES, EMMA
245 1 0 _aEASY GUITAR TUNES /
_cDANES, EMMA
260 _a[S.N] :
_bUSBORNE PUBLISHING LTD ،
_c1994
300 _a64
650 0 4 _aGUITAR
650 0 4 _aMUSIC
650 0 4 _aMUSIC - INSTRUMENTS
650 0 4 _aSTUDY AND LEARNING
942 _2ddc
_cBK
999 _c25286
_d25286